Garfield fat cat 3-pack / (Record no. 209)

MARC details
000 -LEADER
fixed length control field 02190cam a2200553 a 4500
005 - DATE AND TIME OF LATEST TRANSACTION
control field 20260322212010.0
008 - FIXED-LENGTH DATA ELEMENTS--GENERAL INFORMATION
fixed length control field data
010 ## - LIBRARY OF CONGRESS CONTROL NUMBER
LC control number 2003105484
Canceled/invalid LC control number 2007299487
020 ## - INTERNATIONAL STANDARD BOOK NUMBER
International Standard Book Number 0345464559 (v .1)
020 ## - INTERNATIONAL STANDARD BOOK NUMBER
International Standard Book Number 0345464656 (v. 2)
020 ## - INTERNATIONAL STANDARD BOOK NUMBER
International Standard Book Number 9780345480880 (v. 3)
020 ## - INTERNATIONAL STANDARD BOOK NUMBER
International Standard Book Number 9780345491718 (v. 4)
020 ## - INTERNATIONAL STANDARD BOOK NUMBER
International Standard Book Number 9780345491800 (v. 5)
020 ## - INTERNATIONAL STANDARD BOOK NUMBER
International Standard Book Number 0345464605 (v. 13)
020 ## - INTERNATIONAL STANDARD BOOK NUMBER
International Standard Book Number 9780345491756 (v. 14)
020 ## - INTERNATIONAL STANDARD BOOK NUMBER
International Standard Book Number 9780345464552 (v .1)
020 ## - INTERNATIONAL STANDARD BOOK NUMBER
International Standard Book Number 9780345464606 (v. 13)
020 ## - INTERNATIONAL STANDARD BOOK NUMBER
International Standard Book Number 9780345464651 (v. 2)
020 ## - INTERNATIONAL STANDARD BOOK NUMBER
International Standard Book Number 9780345524201 (v. 6)
020 ## - INTERNATIONAL STANDARD BOOK NUMBER
International Standard Book Number 9780345525888 (v. 7)
020 ## - INTERNATIONAL STANDARD BOOK NUMBER
International Standard Book Number 9780345525994 (v. 8)
020 ## - INTERNATIONAL STANDARD BOOK NUMBER
International Standard Book Number 9780345526076 (v. 9)
020 ## - INTERNATIONAL STANDARD BOOK NUMBER
International Standard Book Number 9780425285589 (v. 10)
020 ## - INTERNATIONAL STANDARD BOOK NUMBER
International Standard Book Number 9780425285664 (v. 11)
020 ## - INTERNATIONAL STANDARD BOOK NUMBER
International Standard Book Number 9780345525857 (v. 15)
020 ## - INTERNATIONAL STANDARD BOOK NUMBER
International Standard Book Number 9780345525925 (v. 16)
020 ## - INTERNATIONAL STANDARD BOOK NUMBER
International Standard Book Number 9780345526038 (v. 17)
020 ## - INTERNATIONAL STANDARD BOOK NUMBER
International Standard Book Number 9780399594403 (v. 18)
020 ## - INTERNATIONAL STANDARD BOOK NUMBER
International Standard Book Number 9780425285619 (v. 19)
020 ## - INTERNATIONAL STANDARD BOOK NUMBER
International Standard Book Number 9780425285718 (v. 20)
020 ## - INTERNATIONAL STANDARD BOOK NUMBER
International Standard Book Number 0425285715
040 ## - CATALOGING SOURCE
Original cataloging agency DLC
Transcribing agency DLC
Modifying agency DLC
042 ## - AUTHENTICATION CODE
Authentication code pcc
050 00 - LIBRARY OF CONGRESS CALL NUMBER
Classification number PN6728.G28
Item number D387 2003
082 00 - DEWEY DECIMAL CLASSIFICATION NUMBER
Classification number 741.5/973
Edition information 22
099 ## - LOCAL FREE-TEXT CALL NUMBER (OCLC)
Classification number DAVISJ
001 - CONTROL NUMBER
control field data
100 1# - MAIN ENTRY--PERSONAL NAME
Personal name Davis, Jim,
Dates associated with a name 1945 July 28-
240 10 - UNIFORM TITLE
Uniform title Garfield.
Form subheading Selections
245 10 - TITLE STATEMENT
Title Garfield fat cat 3-pack /
Statement of responsibility, etc. Jim Davis.
246 3# - VARYING FORM OF TITLE
Title proper/short title Garfield fat cat three-pack
250 ## - EDITION STATEMENT
Edition statement 1st colorized ed.
260 ## - PUBLICATION, DISTRIBUTION, ETC.
Place of publication, distribution, etc. New York :
Name of publisher, distributor, etc. Ballantine Books,
Date of publication, distribution, etc. 2003-<2010>
300 ## - PHYSICAL DESCRIPTION
Extent v. <1-5, 14> :
Other physical details chiefly col. ill. ;
Dimensions 23 cm.
500 ## - GENERAL NOTE
General note "Trade paperback edition"--Vol. 2-<13> t.p. verso.
505 1# - FORMATTED CONTENTS NOTE
Formatted contents note v. 1. Garfield at large ; Garfield gains weight ; Garfield bigger than life -- v. 2. Garfield weighs in ; Garfield takes the cake ; Garfield eats his heart out -- v. 3. Garfield sits around the house ; Garfield tips the scales ; Garfield loses his feet -- v. 4. Garfield makes it big ; Garfield rolls on ; Garfield out to lunch -- v. 13. Garfield beefs up ; Garfield gets cookin' ; Garfield eats crow -- v. 14. Garfield survival of the fattest ; Garfield older & wider ; Garfield pigs out
655 #0 - INDEX TERM--GENRE/FORM
Genre/form data or focus term Comic books, strips, etc.
856 42 - ELECTRONIC LOCATION AND ACCESS
Materials specified Publisher description
Uniform Resource Identifier <a href="http://www.loc.gov/catdir/enhancements/fy0664/2003105484-d.html">http://www.loc.gov/catdir/enhancements/fy0664/2003105484-d.html</a>
Holdings
Withdrawn status Lost status Damaged status Not for loan Home library Current library Shelving location Date acquired Total checkouts Full call number Barcode Date last seen Price effective from Koha item type
        Franklin Franklin General stacks 22/03/2026   741.5/973 22 BC0010216 22/03/2026 22/03/2026 Books